banner-ar

المحاسبة المالية: المدخل للقياس والتقويم والتحليل / (Record no. 30685)

MARC details
000 -الفاتح
حقل البيانات ثابتة الطول 00697nam a2200193Ia 4500
008 - عناصر البيانات ثابتة الطول - معلومات عامة
حقل البيانات ثابتة الطول 140319s9999 xx 000 0 ara d
040 ## - مصدر الفهرسة
وكالة الفهرسة الأصلية GCL /
وكالة النسخ GCL
082 04 - رقم تصنيف ديوى العشرى
رقم التصنيف 657.4
رقم المادة ع م
100 1# - المدخل الرئيسى - إسم شخصى
الإسم الشخصى وصفى عبدالفتاح ابوالمكارم
245 10 - بيان العنوان
العنوان المحاسبة المالية: المدخل للقياس والتقويم والتحليل /
بيان المسئوليه,etc وصفى عبدالفتاح ابوالمكارم
700 1# - المدخل الاضافى - اسم شخصى
الإسم الشخصى عبدالفتاح محمد الصحن
260 ## - PUBLICATION, DISTRIBUTION, ETC. (IMPRINT)
تاريخ النشر أو التوزيع 1989
300 ## - الوصف المادى
التعداد 638 ص
490 ## - بيان السلسلة
عنوان السلسلة
650 04 - المدخل الاضافى بالموضوع-مصطلح موضوعى
مصطلح موضوعي المحاسبة
650 04 - المدخل الاضافى بالموضوع-مصطلح موضوعى
مصطلح موضوعي المالية العامة
942 ## - عناصر المدخل الإضافي( كوها)
مصدر التصنيف او مخطط الترفيف Dewey Decimal Classification
Koha [default] item type كتاب
260 ## - PUBLICATION, DISTRIBUTION, ETC. (IMPRINT)
-- [S.N] :
-- جامعة الاسكندرية- كلية التجارة ،
Holdings
حالة التراجع حالة الفقد حالة تلف ليس للاعارة المكان المؤقت الموقع الحالى تاريخ الاكتساب اجمالي اﻻعارات رقم الطلب الباركود تاريخ اخر مشاهدة تاريخ تفعيل السعر نوع وعاء كوها
        مكتبة القاهرة الكبرى مكتبة القاهرة الكبرى 03/26/2014   657.4\ع م 71491 03/26/2014 03/26/2014 كتاب

Powered By

EGPV